US State capitals in order of population - Statistics

General Stats
  • This quiz has been taken 127 times
  • The average score is 25 of 50
Answer Stats
Population City % Correct
961,855 Austin
97%
1,608,139 Phoenix
97%
715,522 Denver
90%
905,748 Columbus
87%
887,642 Indianapolis
87%
689,447 Nashville
85%
498,715 Atlanta
79%
675,647 Boston
79%
681,054 Oklahoma City
79%
524,943 Sacramento
77%
350,964 Honolulu
72%
311,527 St. Paul
69%
467,665 Raleigh
67%
291,082 Lincoln
59%
269,840 Madison
59%
214,133 Des Moines
54%
202,591 Little Rock
54%
14,091 Pierre
54%
226,610 Richmond
54%
227,470 Baton Rouge
51%
235,684 Boise
51%
8,074 Montpelier
49%
199,723 Salt Lake City
49%
200,603 Montgomery
46%
175,535 Salem
46%
196,169 Tallahassee
46%
190,934 Providence
44%
18,899 Augusta
41%
32,255 Juneau
41%
99,224 Albany
38%
90,871 Trenton
36%
39,403 Dover
33%
121,054 Hartford
33%
126,587 Topeka
33%
136,632 Columbia
31%
153,701 Jackson
31%
73,622 Bismarck
28%
65,132 Cheyenne
28%
43,976 Concord
28%
28,602 Frankfort
28%
50,099 Harrisburg
28%
32,091 Helena
28%
112,644 Lansing
28%
114,394 Springfield
28%
58,639 Carson City
26%
87,505 Santa Fe
26%
43,228 Jefferson City
23%
55,605 Olympia
23%
40,812 Annapolis
21%
48,864 Charleston
21%
No matching quizzes found
Score Distribution
Percent of People with Each Score
Percentile by Number Answered
Your Score History
You have not taken this quiz